An introduction to nuclear physics / (Record no. 184506)

000 -LEADER
fixed length control field 00682 a2200169 4500
003 - CONTROL NUMBER IDENTIFIER
control field Nust
005 - DATE AND TIME OF LATEST TRANSACTION
control field 20221201141541.0
040 ## - CATALOGING SOURCE
Transcribing agency Nust
082 ## - DEWEY DECIMAL CLASSIFICATION NUMBER
Classification number 539.7,KRA
100 ## - MAIN ENTRY--PERSONAL NAME
Personal name Knne,S Kenneth
9 (RLIN) 103927
245 ## - TITLE STATEMENT
Title An introduction to nuclear physics /
Statement of responsibility, etc. Kenneth S Krane
260 ## - PUBLICATION, DISTRIBUTION, ETC.
Name of publisher, distributor, etc. National Book Foundations
Place of publication, distribution, etc. Islamabad
300 ## - PHYSICAL DESCRIPTION
Extent 845:p
505 ## - FORMATTED CONTENTS NOTE
Formatted contents note Basic Nuclear Structure (Page-2), Nuclear Decay And Radioactivity (Page-160), Nuclear Reactions (Page-378), Nutron physics (Page-444), Nuclear fission (Page-478), 14.Nuclear fusion (Page-528), Accelators (Page-559), Extensions And Applications (Page-602).
650 ## - SUBJECT ADDED ENTRY--TOPICAL TERM
Topical term or geographic name entry element nuclear physics
9 (RLIN) 259
942 ## - ADDED ENTRY ELEMENTS (KOHA)
Source of classification or shelving scheme
Koha item type Book
Call number prefix 539.7,KRA
Holdings
Withdrawn status Lost status Source of classification or shelving scheme Damaged status Not for loan Permanent Location Current Location Shelving location Date acquired Full call number Barcode Date last seen Price effective from Koha item type Public note
          Military College of Signals (MCS) Military College of Signals (MCS) General Stacks 12/12/2016 539.7,KRA MCS33286 12/08/2016 12/12/2016 Book Almirah No.77, Shelf No.3
          Military College of Signals (MCS) Military College of Signals (MCS) General Stacks 12/12/2016 539.7,KRA MCS33344 12/08/2016 12/12/2016 Book Almirah No.77, Shelf No.3
          Military College of Signals (MCS) Military College of Signals (MCS) General Stacks 12/12/2016 539.7,KRA MCS33503 12/08/2016 12/12/2016 Book Almirah No.16, Shelf No.6
          Military College of Signals (MCS) Military College of Signals (MCS) General Stacks 12/12/2016 539.7,KRA MCS33504 12/08/2016 12/12/2016 Book Almirah No.16, Shelf No.6
          Military College of Signals (MCS) Military College of Signals (MCS) General Stacks 12/12/2016 539.7,KRA MCS33505 12/08/2016 12/12/2016 Book Bank Almirah No.77, Shelf No.3
© 2023 Central Library, National University of Sciences and Technology. All Rights Reserved.